Immigration : why conserve the West and leave the front door open? : speech of Hon. Albert Johnson of Washington in the House of Representatives, January 30 and February 4, 1914.
Saved in:
| Main Author: | |
|---|---|
| Corporate Authors: | , |
| Format: | Book |
| Language: | English |
| Published: |
Washington :
G.P.O.,
1914.
|
| Series: | Open Collections Program at Harvard University. Emigration and immigration.
|
| Subjects: | |
| Tags: |
Add Tag
No Tags, Be the first to tag this record!
|
| LEADER | 01679nam a2200301Ia 4500 | ||
|---|---|---|---|
| 001 | 007770865-2 | ||
| 005 | 20060630115643.0 | ||
| 008 | 841026s1914 dcu f000 s eng d | ||
| 035 | 0 | |a ocn786352131 | |
| 035 | 0 | |a ocm11313589 | |
| 040 | |a BAI |c BAI |d HLS |d HMM | ||
| 043 | |a n-us--- | ||
| 100 | 1 | |a Johnson, Albert, |d 1869-1957. | |
| 245 | 1 | 0 | |a Immigration : |b why conserve the West and leave the front door open? : speech of Hon. Albert Johnson of Washington in the House of Representatives, January 30 and February 4, 1914. |
| 246 | 3 | 0 | |a Why conserve the West and leave the front door open? |
| 246 | 3 | 0 | |a Speech of Hon. Albert Johnson of Washington in the House of Representatives, January 30 and February 4, 1914 |
| 260 | |a Washington : |b G.P.O., |c 1914. | ||
| 300 | |a 8 p. ; |c 24 cm. | ||
| 500 | |a "The House in Committee of the Whole House on the state of the Union had under consideration the bill (H.R. 6060) to regulate the immigration of aliens to, and the residence of aliens in, the United States, and for other purposes"--p. 2. | ||
| 651 | 0 | |a United States |x Emigration and immigration |v Speeches in Congress. | |
| 650 | 0 | |a Reading |x Ability testing |v Speeches in Congress. | |
| 690 | 9 | |a Arrival; Conditions of admittance; Literacy; Governmental topics; Federal legislation. |5 net | |
| 651 | 0 | |a United States |x Emigration and immigration |v Speeches in Congress |y 1914. | |
| 710 | 1 | |a United States. |b Congress |n (63rd, 2nd session : |d 1913-1914). |b House. | |
| 710 | 2 | |a Immigration Collection of Prescott Farnsworth Hall (Harvard College Library) |5 net | |
| 830 | 0 | |a Open Collections Program at Harvard University. |p Emigration and immigration. |5 net | |
| 988 | |a 20020608 | ||
| 906 | |0 OCLC | ||


